Biblioteca

El Antiguo Testamento y las posesiones materiales (primera de dos partes) (Registro nro. 51217)

Detalles MARC
000 -LÍDER
Campo fijo de descripción fija 01252cab a2200217 i 4500
001 - NÚMERO DE CONTROL
Campo de control 768714001
003 - IDENTIFICADOR DEL NÚMERO DE CONTROL
Campo de control CO-MdFUSB
005 - FECHA Y HORA DE LA ULTIMA TRANSACCIÓN
control field 20230111163715.0
008 - ELEMENTOS DE LONGITUD FIJA -- INFORMACIÓN GENERAL
Campo fijo de descripción fija -- Información general 161108s1998 gt ||||| |||| 00| 0 spa d
022 ## - NÚMERO INTERNACIONAL NORMALIZADO PARA PUBLICACIONES SERIADAS
Número Internacional Normalizado para Publicaciones Seriadas 1014-9341
040 ## - FUENTE DE CATALOGACIÓN
Agencia Catalogadora CO-MdFUSB
Idioma de catalogación spa
Agencia que realiza la transcripción CO-MdFUSB
Agencia que realiza la modificación CO-MdFUSB
041 ## - CÓDIGO DE IDIOMA
Código de idioma para texto/pista de sonido o título separado spa
100 1# - ASIENTO PRINCIPAL--NOMBRE PERSONAL
Nombre personal Blomberg, Craig L.
Término relacionador autor
245 03 - TÍTULO
Título El Antiguo Testamento y las posesiones materiales (primera de dos partes)
Mención de responsabilidad / Craig L. Blomberg
300 ## - DESCRIPCIÓN FÍSICA
Extensión Número 23 (Julio - Diciembre, 1998), páginas 53-74
Dimensiones ; 22 cm
520 ## - NOTA DE RESUMEN, ETC.
Nota de sumario, etc. Los pasajes del Antiguo Testamento que hablan de los bienes materiales indican que son buenos, pero a menudo empleados egoístamente; que deben beneficiar el mayor número de personas posible, sin omitir a los débiles; y que con frecuencia se relacionan con el pacto singular que Dios estableció con Israel. Los principales principios antiguotestamentarios sobre este tema vuelven a aparecer en el Nuevo Testamento, con la excepción de las promesas de bendición material por la obediencia al pacto y por el trabajo diligente.
546 ## - NOTA DE IDIOMA
Nota de idioma Texto en Español
653 ## - TÉRMINO DE INDIZACIÓN - NO CONTROLADO
Término no controlado Antiguo Testamento
773 0# - ASIENTO DE ITEM FUENTE
Título Kairós
Biblionumber 49489
Itemnumber 61200
Parte(s) relacionada(s) / Volumen., número. (mes año), páginas Número 23 (Julio - Diciembre, 1998), páginas 53-74
Enumeración y primera página Páginas 53
942 ## - TIPO DE MATERIAL (KOHA)
Tipo de Item KOHA Artículos de Revista

No hay ítems disponibles.

Biblioteca FUSBC | Teléfono: (57+4) 349 88 10 Ext. 141| WhatsApp (+57) 3005338115 
E-mail: biblioteca@unisbc.edu.co | Calle 76 87-14 Robledo Palenque, Medellín, Colombia

Con tecnología Koha